[Event "ARG-ch Amateur"]
[Site "Termas de Rio Hondo"]
[Date "2019.11.17"]
[Round "5"]
[White "Marey, Mauro"]
[Black "Suarez, Mauricio Josue"]
[Result "0-1"]
[WhiteElo "2146"]
[BlackElo "2143"]
[PlyCount "64"]
[EventDate "2019.11.15"]
[EventType "swiss"]
[EventRounds "7"]
[EventCountry "ARG"]
[SourceTitle "CBM 193 Extra"]
[Source "ChessBase"]
[SourceDate "2020.01.31"]
[SourceVersion "1"]
[SourceVersionDate "2020.01.31"]
[SourceQuality "1"]

1. d4 Nf6 2. c4 g6 3. Nc3 Bg7 4. e4 d6 5. f3 0-0 6. Be3 Nc6 7. Nge2 a6 8. Qd2 Rb8 9. Bh6 Bxh6 10. Qxh6 e5 11. 0-0-0 b5 12. h4 exd4 13. Nd5 Be6 14. h5 Bxd5 15. cxd5 Ne5 16. hxg6 fxg6 17. Nf4 Qe7 18. g3 Nxf3 19. Nxg6 hxg6 20. Bh3 Kf7 21. Be6+ Ke8 22. Qxg6+ Kd8 23. Rdf1 Ne5 24. Qg5 c5 25. Rf5 Nfd7 26. Qd2 Nc4 27. Qf2 Kc7 28. Rh6 Nce5 29. Qh2 Ng4 30. Rh7 Rxf5 31. Rxe7 Rf1+ 32. Kd2 Nxh2 0-1

[Event "ARG-ch sf Amateur"]
[Site "Buenos Aires"]
[Date "2019.11.02"]
[Round "3.2"]
[White "Minvielle, Nehuen Alexis1111"]
[Black "Marey, Mauro"]
[Result "0-1"]
[WhiteElo "1543"]
[BlackElo "2146"]
[PlyCount "64"]
[EventDate "2019.11.01"]
[EventType "swiss"]
[EventRounds "6"]
[EventCountry "ARG"]
[SourceTitle "EXT 2024"]
[Source "ChessBase"]
[SourceDate "2023.10.10"]
[SourceVersion "1"]
[SourceVersionDate "2023.10.10"]
[SourceQuality "1"]

1. e4 c5 2. Nf3 Nc6 3. Bb5 d6 4. Bxc6+ bxc6 5. 0-0 g6 6. Re1 Bg7 7. c3 e6 8. d4 cxd4 9. cxd4 Ne7 10. Nc3 0-0 11. Bf4 Bb7 12. Qd2 Re8 13. Rad1 Qd7 14. e5 Nf5 15. g4 c5 16. d5 Nd4 17. Nxd4 cxd4 18. Qxd4 exd5 19. Nxd5 Qxg4+ 20. Bg3 Qf3 21. Re3 dxe5 22. Bxe5 Bxe5 23. Rxf3 Bxd4 24. Rxd4 Re1+ 25. Kg2 Re5 26. Nf6+ Kg7 27. Rdf4 g5 28. Ng4 gxf4 29. Nxe5 Kf6 30. Ng4+ Kg5 31. Ne5 Kf5 32. Nd3 Rg8+ 0-1

[Event "Mar del Plata op 50th"]
[Site "Mar del Plata"]
[Date "2019.04.19"]
[Round "8"]
[White "Marey, Mauro"]
[Black "Slipak, Sergio"]
[Result "0-1"]
[WhiteElo "2126"]
[BlackElo "2427"]
[PlyCount "50"]
[EventDate "2019.04.13"]
[EventType "swiss"]
[EventRounds "9"]
[EventCountry "ARG"]
[SourceTitle "CBM 190 Extra"]
[Source "ChessBase"]
[SourceDate "2019.07.15"]
[SourceVersion "1"]
[SourceVersionDate "2019.07.15"]
[SourceQuality "1"]

1. d4 Nf6 2. Nf3 b6 3. c4 e6 4. g3 Bb7 5. Bg2 Be7 6. 0-0 0-0 7. Nc3 Na6 8. b3 d5 9. Ne5 c5 10. dxc5 bxc5 11. Bb2 Qc7 12. Na4 d4 13. Bxb7 Qxb7 14. e3 Rad8 15. exd4 cxd4 16. Qf3 Ne4 17. Rad1 Nac5 18. Nxc5 Bxc5 19. Rfe1 f5 20. Nd3 Bb6 21. Qg2 Rfe8 22. b4 e5 23. f4 exf4 24. Nxf4 d3+ 25. c5 d2 0-1

[Event "Mar del Plata op 50th"]
[Site "Mar del Plata"]
[Date "2019.04.14"]
[Round "3"]
[White "Mussanti, Diego"]
[Black "Marey, Mauro"]
[Result "1/2-1/2"]
[WhiteElo "2336"]
[BlackElo "2126"]
[PlyCount "62"]
[EventDate "2019.04.13"]
[EventType "swiss"]
[EventRounds "9"]
[EventCountry "ARG"]
[SourceTitle "CBM 190 Extra"]
[Source "ChessBase"]
[SourceDate "2019.07.15"]
[SourceVersion "1"]
[SourceVersionDate "2019.07.15"]
[SourceQuality "1"]

1. e4 e6 2. d4 d5 3. Nc3 Nf6 4. Bg5 Bb4 5. e5 h6 6. Bd2 Bxc3 7. bxc3 Ne4 8. Qg4 Kf8 9. Bd3 Nxd2 10. Kxd2 c5 11. Nf3 Nc6 12. Qf4 Bd7 13. Rab1 Qc7 14. dxc5 Rc8 15. Rhe1 Na5 16. Qb4 Qxc5 17. Nd4 b6 18. Nb3 Qxb4 19. cxb4 Nc6 20. c3 Ke7 21. b5 Nd8 22. a4 Nb7 23. a5 Nc5 24. axb6 Nxd3 25. Kxd3 Bxb5+ 26. Kd2 a6 27. Nd4 Rc5 28. Nxb5 axb5 29. Ra1 Rb8 30. Ra7+ Ke8 31. Rea1 Rc6 1/2-1/2

[Event "Villa Ballester op 69th"]
[Site "Villa Ballester"]
[Date "2019.01.20"]
[Round "4"]
[White "Fiorito, Fabian"]
[Black "Marey, Mauro"]
[Result "1-0"]
[WhiteElo "2360"]
[BlackElo "2124"]
[PlyCount "91"]
[EventDate "2019.01.16"]
[EventType "swiss"]
[EventRounds "9"]
[EventCountry "ARG"]
[SourceTitle "CBM 188 Extra"]
[Source "ChessBase"]
[SourceDate "2019.02.26"]
[SourceVersion "1"]
[SourceVersionDate "2019.02.26"]
[SourceQuality "1"]

1. e4 e6 2. d4 d5 3. Nd2 Nf6 4. e5 Nfd7 5. Bd3 c5 6. c3 Nc6 7. Ngf3 cxd4 8. cxd4 f6 9. exf6 Nxf6 10. 0-0 Bd6 11. b3 0-0 12. Bb2 Bd7 13. a3 Qb6 14. b4 Rac8 15. Nb3 a5 16. b5 a4 17. Nc5 Na7 18. Nxd7 Nxd7 19. Qe2 Rce8 20. Rfe1 Nf6 21. Rab1 Nc8 22. Qc2 Qc7 23. Qxc7 Bxc7 24. Ng5 Ng4 25. Bxh7+ Kh8 26. Bg6 Bxh2+ 27. Kh1 Re7 28. Bh5 Bf4 29. Nxe6 Nxf2+ 30. Kg1 Rf6 31. Nxf4 Rxf4 32. Rxe7 Nxe7 33. Re1 Ne4 34. Bc1 Rh4 35. Bf7 Nf5 36. Bxd5 Nfg3 37. Bxe4 Rh1+ 38. Kf2 Nxe4+ 39. Rxe4 Rxc1 40. d5 Rd1 41. Rxa4 Rxd5 42. Ra8+ Kh7 43. a4 Kg6 44. Ra7 Rd4 45. a5 Ra4 46. a6 1-0

[Event "Vicente Lopez Rubinstein op"]
[Site "Vicente Lopez"]
[Date "2009.08.13"]
[Round "9"]
[White "Marey, Mauro"]
[Black "Torella, Rodolfo"]
[Result "1-0"]
[WhiteElo "2140"]
[BlackElo "2035"]
[PlyCount "57"]
[EventDate "2009.08.04"]
[EventType "swiss"]
[EventRounds "9"]
[EventCountry "ARG"]
[SourceTitle "EXT 2019"]
[Source "ChessBase"]
[SourceDate "2018.10.10"]
[SourceVersion "1"]
[SourceVersionDate "2018.10.10"]
[SourceQuality "1"]

1. c4 e5 2. Nc3 Nf6 3. g3 d5 4. cxd5 Nxd5 5. Bg2 Nb6 6. Nf3 Nc6 7. 0-0 Be7 8. b3 a6 9. Bb2 0-0 10. Rc1 f5 11. Na4 e4 12. Nxb6 cxb6 13. Ne5 Bf6 14. d4 Nb4 15. a3 Nd5 16. e3 b5 17. Qe2 Be6 18. Rc5 Be7 19. Rcc1 Qb6 20. g4 Nf6 21. gxf5 Bxb3 22. f3 exf3 23. Rxf3 Rac8 24. Rg3 Rxc1+ 25. Bxc1 Rc8 26. Bd2 Bxa3 27. Qd3 Bc4 28. Qxa3 Nd5 29. Nxc4 1-0

[Event "Villa Martelli Rubinstein op"]
[Site "Villa Martelli"]
[Date "2009.08.11"]
[Round "7"]
[White "Marey, Mauro"]
[Black "Perez, Maximiliano"]
[Result "0-1"]
[WhiteElo "2099"]
[BlackElo "2120"]
[PlyCount "62"]
[EventDate "2009.08.04"]
[EventType "swiss"]
[EventRounds "7"]
[EventCountry "ARG"]
[SourceTitle "CBM 131 Extra"]
[Source "ChessBase"]
[SourceDate "2009.09.03"]
[SourceVersion "2"]
[SourceVersionDate "2009.09.16"]
[SourceQuality "1"]

1. d4 Nf6 2. Nf3 g6 3. g3 Bg7 4. Bg2 0-0 5. 0-0 c5 6. c3 cxd4 7. cxd4 d6 8. Nc3 Nc6 9. Bg5 h6 10. Bxf6 Bxf6 11. Qd2 Bg7 12. Rfc1 a6 13. e3 Bd7 14. Nd5 Rc8 15. Ne1 e6 16. Nc3 Na5 17. Ne4 Nc4 18. Qb4 d5 19. Nc5 b6 20. Nxa6 Re8 21. Nd3 Bf8 22. Qe1 Bb5 23. Nab4 Qd6 24. Rc2 Na5 25. Rac1 Rc4 26. a3 Nb3 27. Rxc4 dxc4 28. Rc3 Nxd4 29. exd4 cxd3 30. Nxd3 Qd5 31. Qe5 Qd7 0-1